Κατάλογος Βιβλιοθηκών Mediterranean College

Δημιουργικό Εργαστήρι / Κατασκευάζω, Παίζω, Δημιουργώ (Record no. 9151)

MARC details
000 -LEADER
fixed length control field 02140cam a22002174a 4500
005 - ΗΜΕΡΟΜΗΝΙΑ ΚΑΙ ΩΡΑ ΤΕΛΕΥΤΑΙΑΣ ΕΝΗΜΕΡΩΣΗΣ
Πεδίο ελέγχου 20250605164354.0
008 - FIXED-LENGTH DATA ELEMENTS--GENERAL INFORMATION
Πεδίο ελέγχου σταθερού μήκους 250528s ||||||||||||||||||||||||d
035 ## - SYSTEM CONTROL NUMBER
System control number 24261
040 ## - ΠΗΓΗ ΚΑΤΑΛΟΓΟΓΡΑΦΗΣΗΣ
Φορέας πρωτότυπης καταλογογράφησης MC Athens Campus Library
Γλώσσα καταλογογράφησης Ελληνικά, Μοντέρνα (1453-)
Modifying agency MC Athens Campus Library
Κανόνες περιγραφικής καταλογογράφησης AACR2
245 1# - ΤΙΤΛΟΣ ΚΑΙ ΔΗΛΩΣΗ ΥΠΕΥΘΥΝΟΤΗΤΑΣ
Τίτλος Δημιουργικό Εργαστήρι / Κατασκευάζω, Παίζω, Δημιουργώ
260 ## - PUBLICATION, DISTRIBUTION, ETC.
Name of publisher, distributor, etc. Δίπτυχο
300 ## - PHYSICAL DESCRIPTION
Extent 60
520 ## - SUMMARY, ETC.
Summary, etc. Οι Δώδεκα Μήνες - Ελληνικό Παραμύθι, Τα Δώρα των Φυτών, Παραδοσιακό Παραμύθι των Ιθαγενών της Αυστραλίας, Γυαλιά Παπαγάλου, Καπέλο Τζόκερ, Καπέλο Μεξικανού, Μικρά Λουλουδάκια - Καπέλα Φύτρωσαν μέσα στην Τάξη, Καπέλο Ψάρι, Καπέλο Αράχνη, Καπέλο Στέμμα από Καλαμάκια, Ινδιάνικό Καπέλο, Σκουφάκια Τερατάκια, Τερατάκια Σελιδοδείκτες, Μολυβοθήκη Κλόουν, Πολύχρωμα Κλοουνάκια, Κλόουν Κουτί για Κεράσματα, Αράχνη από Πιατάκια του Πάρτι, Μάσκα Μέλισσα - Πασχαλίτσα, Μάσκα Καμηλοπάρδαλη, Μάσκα Αιγύπτιος, Φαντεζί Μάσκα με Ασημόσκονη και Φτερά, Μάσκα Μονόκερως, Σπαθιά, Γλυκιά Κάρτα Καρδιά για του Αγίου Βαλεντίνου, Κάρτα Πρόσκληση Κλόουν, Κάρτα Μάγισσα, Κάρτα Κλόουν, Μόμπιλε Μάγισσα, Χιονανθρωπάκια, Η Νυφούλα του Χειμώνα, Καδράκι Πιγκουίνων, Ο Πουαντιγισμός στο Νηπιαγωγείο, Χαρταετός από Γλώσσοπιέστρα.
700 1# - ΠΡΟΣΘΕΤΗ ΑΝΑΓΡΑΦΗ--ΦΥΣΙΚΟ ΠΡΟΣΩΠΟ
Personal name Δαμηλάκη Ρένα
9 (RLIN) 9436
700 1# - ΠΡΟΣΘΕΤΗ ΑΝΑΓΡΑΦΗ--ΦΥΣΙΚΟ ΠΡΟΣΩΠΟ
Personal name Κανελλόπουλος Γρηγόρης
9 (RLIN) 9437
700 1# - ΠΡΟΣΘΕΤΗ ΑΝΑΓΡΑΦΗ--ΦΥΣΙΚΟ ΠΡΟΣΩΠΟ
Personal name Κάντζου Νίκη
9 (RLIN) 9438
700 1# - ΠΡΟΣΘΕΤΗ ΑΝΑΓΡΑΦΗ--ΦΥΣΙΚΟ ΠΡΟΣΩΠΟ
Personal name Λαμπρινέα Ζέτα
9 (RLIN) 9439
942 ## - ADDED ENTRY ELEMENTS (KOHA)
Koha item type Περιοδικά Δημοσιεύματα
Holdings
Τύπος τεκμηρίου Βιβλιοθήκη Τρέχουσα τοποθεσία Barcode Ημερομηνία απόκτησης Ταξιθετικό σύμβολο Αριθμός αντιτύπου Κατάσταση απόσυρσης Κατάσταση χαμένου Κατάσταση κατεστραμμένου Μη δανεισμός Σύνολο δανεισμών Ημερομηνία τελευταίας εμφάνισης Η τιμή ισχύει από
Περιοδικά Δημοσιεύματα MC Athens Campus Library MC Athens Campus Library 9780000091505 05/06/2025 ΥΛΙΚΑ ΠΑΙΔΑΓΩΓΙΚΩΝ 1           05/06/2025 05/06/2025

MC Athens Campus Library
Πατησίων 94 & Κοδριγκτώνος 13, 104 34
Πελλήνης 8 & Πατησίων 107, 112 51
Τ: +30 210 8899600

MC Thessaloniki Campus Library
Ίωνος Δραγούμη 21, 54625 | Ίωνος Δραγούμη 15, 54625
Τ: +30 2310 287779 – Τ: +30 2314 440300